| 000 | 01102nam a2200241Ia 4500 | ||
|---|---|---|---|
| 003 | OSt | ||
| 005 | 20221209083250.0 | ||
| 008 | 210310s1976 mx fr 001 0 spa d | ||
| 020 | _a9681806891 | ||
| 040 |
_aCO-JMCR _cCO-JMCR |
||
| 041 | 1 |
_aspa _heng |
|
| 082 | 0 | 4 |
_223 _a517 / _bW573i |
| 100 | 1 |
_aWhipkey, Kennetk L., _934822 _eautor |
|
| 245 | 1 | 0 |
_aIntroducción al calculo en administración y ciencias sociales / _cKenneth L. Whipkey, Mary Nell Whipkey |
| 260 |
_aMéxico : _bLimusa, _c1979 |
||
| 300 |
_a329 páginas ; _c24 cm |
||
| 500 | _aTítulo original: The power of calculus | ||
| 500 | _aIncluye índice alfabético | ||
| 505 | 0 | _aRepaso y preparación para el estudio del cálculo -- Funciones, desigualdad y valor absoluto -- Límites, derivadas y continuidad -- Técnicas de diferenciación -- Aplicaciones de la derivada -- Integración -- Funciones logarítmicas y exponenciales; repaso de las grandes ideas del cálculo -- Derivadas parciales y sus aplicaciones | |
| 650 | 1 | 4 |
_aMatemática financiera _934824 |
| 700 | 1 |
_aWhipkey, Mary Nell, _eautora _942489 |
|
| 942 |
_2ddc _cBK |
||
| 999 |
_c14922 _d14922 |
||